01337nam a2200325 i 4500003000900000005001700009007000300026008004100029020001500070040003000085082001300115100004200128240003600170245010400206264005200310300002600362336002700388337003300415338002800448500012800476500007100604590002700675700006000702700003900762700003900801910001400840942001400854952012600868999001700994DO-SdBNP20240923144325.0ta240923s1994 sp 000 0 spa d a8401325568 aDO-SdBNPbspacBNPHUerda 222bC7521 4aut.aConley, Robert J.970708eautor1 aGeronimo, an American legend. /10aGerónimo :buna leyenda americana / cRobert J. Conley ; traducción de Horacio González Trejo1 aBarcelona, España :bPlaza & Janés, c1994. a219 páginasc22 cm. atextobtxt2rdacontent asin mediaciónbn2rdamedia avolumenbnc2rdacarrier aNovelización de la película "Geronimo", basada en una historia de John Milius y con guión de John Milius y Larry Gros aIncluye datos biografícos del autor en la solapa de la portada.  aInventariado, 2024/ YL1 4trad.aGonzález Trejo, Horacioe traducción 9483311 4gui.aMillus, Johneguión9866471 4gui.aGross, Larryeguión986648 aYLockward 2ddccLBS1 00102ddc56708GRaBNPHUbBNPHUcCTd2012-09-04eDonación l0oBNPHU GR C752p2024-5450r2024-09-23w2024-09-23yLBS1 c57740d57740